Vista normal
Vista MARC
Entrada Personal Name
Número de registros utilizados en: 1
001 - CONTROL NUMBER
- control field: 6806
003 - CONTROL NUMBER IDENTIFIER
- control field: DLC
005 - DATE AND TIME OF LATEST TRANSACTION
- control field: 20241021094050.0
008 - FIXED-LENGTH DATA ELEMENTS
- fixed length control field: 180313 a|ac|n|aab||||||||||||a |n|||||||
040 ## - CATALOGING SOURCE
- Original cataloging agency: MxPuUPA
- Language of cataloging: spa
- Description conventions: rda
- Transcribing agency: Mx-PuUPA
- Modifying agency: Mx-PuUPA
046 ## - SPECIAL CODED DATES
- Birth date: 1930
100 1# - HEADING--PERSONAL NAME
- Personal name: Nicolau i Pous, Francesc,
- Dates associated with a name: 1930
374 ## - OCCUPATION
- Occupation: Autor
375 ## - GENDER
- Gender: hombre
377 ## - ASSOCIATED LANGUAGE
- Language code: spa
670 ## - SOURCE DATA FOUND
- Source citation: Wikipedia, Enciclopedia Libre, 2010:
- Information found: Francesc Nicolau i Pous
- Uniform Resource Identifier: https://es.wikipedia.org/wiki/Francisco_Nicolau_Pous
670 ## - SOURCE DATA FOUND
- Source citation: Introducción a la cosmología, 1988:
- Information found: portada (Francesc Nicolau)